000 00491nam a2200217Ia 4500
005 20250425161332.0
008 250425s9999 xx 000 0 und d
041 _aspa
082 _a540.28
110 _aUNESCO
245 0 _aMANUAL DE EXPERIMENTOS QUIMICOS
250 _a1A ED.
260 _aEcuador
_bUNESCO
_c1977
260 _aS.L.
300 _a722
650 _aEQUILIBRIO QUIMICO
650 _aESTEQUIOMETRIA
650 _aTERMOQUIMICA
942 _c01
010 _a18020
999 _c207181
_d207181